| 000 | | | 03729nmc2a22002413x 450 |
| 001 | | | 2818f656-f505-4267-8b37-73e06d439a42 |
| 005 | | | 20211209095807.0 |
| 100 | ## | $a | 20210726l18831888k l0rusy0189 ca |
| 101 | 0# | $a | rus |
| 102 | ## | $a | RU |
| 105 | ## | $a | y### |
| 122 | 2# | $a | d |
| 200 | 1# | $a | Дело о преподавании в римско-католических семинариях как Империи, так и Царства Польского, русского языка и отечественной истории |
| | $j | 8 октября 1883 г. - 12 августа 1888 г. |
| 215 | ## | $a | 58 л. |
| | $d | 36,5х26 см |
| 251 | ## | $c | Дело |
| 300 | ## | $a | Дело |
| 371 | ## | $a | Документ не является опубликованным и широко распространяемым |
| 461 | #0 | $1 | 001a74412a3-3cc5-4d21-8f0a-dfe2fbd9e72d |
| | $1 | 2001 |
| | $a | Департамент народного просвещения Министерства народного просвещения (1803-1917) |
| | $1 | 251 |
| | $c | Фонд |
| | $1 | 852 |
| | $j | 733 |
| 462 | #0 | $1 | 001b33464f2-4bc4-41e3-b4bc-525e855f0eb0 |
| | $1 | 2001 |
| | $a | Дела разряда общих дел Министерства народного просвещения |
| | $1 | 251 |
| | $c | Опись |
| | $1 | 852 |
| | $j | 194 |
| 801 | #0 | $a | RU |
| | $b | РГИА |
| | $c | 20210726 |
| | $g | RCR |
| 801 | #1 | $a | RU |
| | $b | ГлавНИВЦ |
| | $c | 20210726 |
| | $2 | rusmarc |
| 801 | #2 | $a | RU |
| | $b | ПБ им. Б.Н. Ельцина |
| | $c | 20211209 |
| | $g | RCR |
| | $2 | rusmarc |
| 850 | ## | $a | РГИА |
| 852 | ## | $a | РГИА |
| | $e | Федеральное казенное учреждение "Российский государственный исторический архив" (РГИА) |
| | $j | 362 |
| 937 | ## | $h | РГИА |
| | $d | 12366086 |
| | $a | ASBIBLIO_SCAN |
| 035 | ## | $a | RusGRCC00033010 |
| 856 | ## | $u | http://readingroom.main.prlib.ru/item.aspx?id_node=n171317847&mode=full |